00439nam a2200133Ia 4500082002400000245005700024260005000081300001300131650003500144650004300179650002400222650001500246710004400261 aRR 378.120954 NEW-; 0aDirectory of professors in Indian universities: 1999 aNew DelhibUniversity Grants Commissionc2001 ax, 352p. aTeachers - India - Directories aCollege teachers - Directories - India aUniversity teachers aProfessors aNew Delhi. University Grants Commission